Total Drama Ridonculous Race Characters First Line Quiz Stats

 Plays Quiz not verified by Sporcle

Support Sporcle.
Go Orange.
Score 0/35 Timer 10:00
1 Play Today
% Correct
Jay
76.1%
Noah
75.7%
Leonard
72%
Josee
69%
Carrie
66.9%
Laurie
64.4%
Tammy
57.7%
Miles
57.3%
Kelly
55.9%
Emma
55.9%
Brody
55.8%
Ryan
55.2%
Geoff
54.7%
Ennui
54.2%
Owen
53%
Stephanie
53%
Pete
52.4%
Chet
50.9%
% Correct
Taylor
50.3%
Crimson
50.3%
Jen
48.5%
Spud
48.4%
Lorenzo
47.6%
Dwayne
46.3%
Ellody
46.3%
Jacques
46%
Sanders
45.5%
Gerry
44.1%
Kitty
43.9%
MacArthur
39.8%
Rock
39%
Junior
38.3%
Mickey
38%
Devin
35%
Tom
28.2%

You're not logged in!

Compare scores with friends on all Sporcle quizzes.
OR
Log In

From the Vault

What's It Stand For? (Computer Acronyms)

by MovieGuru

The faster computers get, the more acronyms we have to deal with.
Remove Ads.
Support Sporcle.
Get the best of Sporcle when you Go Orange. This ad-free experience offers more features, more stats, and more fun while also helping to support Sporcle. Thank you for becoming a member.

Show Comments

Extras

Created Feb 3, 2016ReportNominate
Tags:Total Drama

Top Quizzes Today


Score Distribution

Your Account Isn't Verified!

In order to create a playlist on Sporcle, you need to verify the email address you used during registration. Go to your Sporcle Settings to finish the process.

Report this User

Report this user for behavior that violates our Community Guidelines.

Details: